Evidence-Based Medicine - A Paradigm Ready To Be Challenged? (Record no. 26418)
[ view plain ]
| 000 -LEADER | |
|---|---|
| fixed length control field | 00886nam a2200121Ia 4500 |
| 008 - FIXED-LENGTH DATA ELEMENTS--GENERAL INFORMATION | |
| fixed length control field | 220620s9999||||xx |||||||||||||| ||und|| |
| 100 ## - MAIN ENTRY--PERSONAL NAME | |
| Personal name | Schulte, Marie-Caroline |
| 245 #0 - TITLE STATEMENT | |
| Title | Evidence-Based Medicine - A Paradigm Ready To Be Challenged? |
| Remainder of title | How Scientific Evidence Shapes Our Understanding And Use Of Medicine |
| 546 ## - LANGUAGE NOTE | |
| Language note | English[eng] |
| 650 ## - SUBJECT ADDED ENTRY--TOPICAL TERM | |
| Topical term or geographic name entry element | Philosophy of Science||Philosophy of Medicine||Medicine/Public Health, general||Clinical Medicine||Philosophy of medicine||Hahnemann Edzard Ernst||Jeremy Howick||Thomas Kuhn||Homeopathy||Epistemology||Informed consent||ECMO||Tuskegee||Placebo||Bench to bedside||External validity||Randomised controlled trials||Evidence-based medicine||Open Access||Philosophy of science||Philosophy||Medicine: general issues |
| 856 ## - ELECTRONIC LOCATION AND ACCESS | |
| Uniform Resource Identifier | <a href="https://library.oapen.org/bitstream/20.500.12657/39989/1/2020_Book_Evidence-BasedMedicine-AParadi.pdf">https://library.oapen.org/bitstream/20.500.12657/39989/1/2020_Book_Evidence-BasedMedicine-AParadi.pdf</a> |
| 942 ## - ADDED ENTRY ELEMENTS (KOHA) | |
| Koha item type | E-Books |
| Withdrawn status | Lost status | Damaged status | Not for loan | Home library | Current library | Date acquired | Total Checkouts | Date last seen | Price effective from | Koha item type |
|---|---|---|---|---|---|---|---|---|---|---|
| Kerala University of Digital Sciences, Innovation and Technology Knowledge Centre | Kerala University of Digital Sciences, Innovation and Technology Knowledge Centre | 20/06/2022 | 20/06/2022 | 20/06/2022 | E-Books |